SciPy recipes: (Record no. 196742)
[ view plain ]
| 000 -LEADER | |
|---|---|
| fixed length control field | 00990nam a2200265Ia 4500 |
| 003 - CONTROL NUMBER IDENTIFIER | |
| control field | OSt |
| 005 - DATE AND TIME OF LATEST TRANSACTION | |
| control field | 20251103084636.0 |
| 008 - FIXED-LENGTH DATA ELEMENTS--GENERAL INFORMATION | |
| fixed length control field | 210716s2017 xx 000 0 und d |
| 020 ## - INTERNATIONAL STANDARD BOOK NUMBER | |
| International Standard Book Number | 9781788291460 |
| 040 ## - CATALOGING SOURCE | |
| Transcribing agency | AIMIT LIBRARY |
| 041 ## - LANGUAGE CODE | |
| Language code of text/sound track or separate title | eng |
| 082 ## - DEWEY DECIMAL CLASSIFICATION NUMBER | |
| Classification number | 005.76 |
| Item number | MARL |
| 100 ## - MAIN ENTRY--PERSONAL NAME | |
| Personal name | Martins, L Felipe. |
| 9 (RLIN) | 243213 |
| 245 ## - TITLE STATEMENT | |
| Title | SciPy recipes: |
| Remainder of title | cookbook with over 110 proven recipes for performing mathematical and scientific computations / |
| Statement of responsibility, etc. | By L. Felipe Martins, Ruben Oliva Ramos and V. Kishore Ayyadevara. |
| 250 ## - EDITION STATEMENT | |
| Edition statement | 1st ed. |
| 260 ## - PUBLICATION, DISTRIBUTION, ETC. | |
| Place of publication, distribution, etc. | Mumbai : |
| Name of publisher, distributor, etc. | Packt Publishing Ltd , |
| Date of publication, distribution, etc. | 2017. |
| 300 ## - PHYSICAL DESCRIPTION | |
| Extent | xii,363 p.; |
| Other physical details | PB |
| Dimensions | 24.5 cm. |
| 650 ## - SUBJECT ADDED ENTRY--TOPICAL TERM | |
| Topical term or geographic name entry element | Getting started with Numpy |
| 9 (RLIN) | 243214 |
| 650 ## - SUBJECT ADDED ENTRY--TOPICAL TERM | |
| Topical term or geographic name entry element | Using matplotlib to create graphs |
| 9 (RLIN) | 243215 |
| 650 ## - SUBJECT ADDED ENTRY--TOPICAL TERM | |
| Topical term or geographic name entry element | Data wrangling with pandas |
| 9 (RLIN) | 243216 |
| 700 ## - ADDED ENTRY--PERSONAL NAME | |
| Personal name | Getting started with Numpy |
| 9 (RLIN) | 243344 |
| 700 ## - ADDED ENTRY--PERSONAL NAME | |
| Personal name | Using matplotlib to create graphs |
| 9 (RLIN) | 243345 |
| 700 ## - ADDED ENTRY--PERSONAL NAME | |
| Personal name | Data wrangling with pandas |
| 9 (RLIN) | 243346 |
| 942 ## - ADDED ENTRY ELEMENTS (KOHA) | |
| Source of classification or shelving scheme | Dewey Decimal Classification |
| Koha item type | Book |
| Edition | 1st |
| Call number prefix | 005.76 MARL |
| Withdrawn status | Lost status | Damaged status | Not for loan | Collection code | Home library | Current library | Source of acquisition | Cost, normal purchase price | Total Checkouts | Full call number | Barcode | Date last seen | Cost, replacement price | Price effective from | Koha item type |
|---|---|---|---|---|---|---|---|---|---|---|---|---|---|---|---|
| MCA | St Aloysius Institute of Management & Information Technology | St Aloysius Institute of Management & Information Technology | Knowledge World | 1099.00 | 005.76 MARL | MCA16257 | 05/23/2026 | 824.25 | 07/16/2021 | Book |